000 00747nam a22002417a 4500
003 CHAP
005 20220817043352.0
008 971013s r 00010 d
010 _a73384
011 _a74356
035 _a83915
040 _cCHAP
090 _aR-206
100 0 0 _aCaputa, J.
_918759
245 _aIntensification de la production herbagere en montagne Expériences des fernies pilotes du canton du Valais 1960-1965
500 _aSobretiro de: Agriculture Romande Ser. A. 5(11-12) : 101-108,121-123,1966
590 _aBATCH-UPD
_b10
_c20130110
_lUCH01
_h0822
590 _aCONVERSION
_b10
_c20130109
_lUCH01
_h1340
650 1 4 _aForrajes.
901 _aBK
942 _cREIMP
949 _aR-206
_bBC
_cR
_d-38909
_eTS1
_i83915
_si
999 _c73384
_d73384